| 000 | 00527nam a2200169 i 4500 | ||
|---|---|---|---|
| 001 | 95374 | ||
| 003 | ES-MaACL | ||
| 005 | 20230906181707.0 | ||
| 007 | t| | ||
| 008 | 050527s1981 sp ||||1| spa d | ||
| 100 | 1 |
_aLlanos Company, Manuel. _972713 |
|
| 245 | 1 | 3 |
_aEl tabaco _b: manual técnico para el cultivo y curado / _cManuel Llanos Company. |
| 260 |
_aMadrid : _bMundi-Prensa, _c1981. |
||
| 300 |
_a305 p., 2 lám. col. : _bil. ; _c22 cm. |
||
| 650 | 4 |
_aTabaco- _xCultivo. _9161277 |
|
| 852 |
_aES-MaACL _jL-3650 _bR.103762 |
||
| 999 |
_c95374 _d95374 |
||